000 00997nam a22002297a 4500
999 _c16910
_d16910
003 AR-CdUCM
008 190506b ||||| |||| 00| 0 spa d
040 _aMUNICIPALIDAD PROVINCIAL DEL CUSCO
_cBIBLIOTECA MUNICIPAL DEL CUSCO
041 _heng.
082 _a624.182 /
_bL88
100 _aLothers, John E.
_936653
245 _aCálculo superior de estructuras de acero /
260 _aMéxico D.F :
_bEdit. Continental,
_c1964.
300 _a622 paginas ;
_c22 cm.
505 _aContenido :Esfuerzos de viento y de sismo en edificios de varios pisos --Diseño de los pisos y escaleras de un edificio de varios pisos --La estructura de acero y conexiones para un edificio de varios pisos --Análisis y diseño elástico de marcos de un piso y de techos Lamella ...
650 _aEstructuras de acero
_936654
650 _aEdificios
_936655
650 _aAnálisis y diseño
_936656
700 _aJorge Trejo Blancas (traductor)
_936657
942 _2ddc
_cLIBROS
945 _arjall
_d2019-05-06